Vorlesungen über die Gefängniss-Kunde, oder über die Verbesserung der Gefängnisse und sittliche Besserung der Gefangenen, entlassenen Sträflinge u. s. w.: gehalten im Frühlinge 1827 zu Berlin
| Main Author: | |
|---|---|
| Format: | Print Book |
| Language: | German |
| Published: |
Berlin
Stuhr
1828
|
| In: | Year: 1828 |
| Edition: | Erweitert hrsg. |
| Availability in Tübingen: | Present in Tübingen. IFK: P XV 23 UB: Hi 263 b |
| Availability in Albert-Krebs Library: | NA.05.001 1996-30 |
| Check availability: | HBZ Gateway |
| Subito Delivery Service: | Order now. |
| Keywords: |
MARC
| LEADER | 00000cam a2200000 c 4500 | ||
|---|---|---|---|
| 001 | 107672051X | ||
| 003 | DE-627 | ||
| 005 | 20250704121658.0 | ||
| 007 | tu | ||
| 008 | 850101s1828 xx ||||| 00| ||ger c | ||
| 035 | |a (DE-627)107672051X | ||
| 035 | |a (DE-576)00672051X | ||
| 035 | |a (DE-599)BSZ00672051X | ||
| 040 | |a DE-627 |b ger |c DE-627 |e rakwb | ||
| 041 | |a ger | ||
| 084 | |a 19,2 |2 ssgn | ||
| 084 | |a 2,1 |2 ssgn | ||
| 084 | |a PH 5250 |2 rvk |0 (DE-625)rvk/136194: | ||
| 100 | 1 | |a Julius, Nicolaus Heinrich |d 1783-1862 |0 (DE-588)118907441 |0 (DE-627)079684092 |0 (DE-576)210359048 |4 aut | |
| 109 | |a Julius, Nicolaus Heinrich 1783-1862 |a Julius, Nicolaus H. 1783-1862 |a Julius, Nikolaus H. 1783-1862 |a Julius, N. H. 1783-1862 |a Julius, Nikolaus Heinrich 1783-1862 |a Julius, Heymann 1783-1862 | ||
| 245 | 1 | 0 | |a Vorlesungen über die Gefängniss-Kunde, oder über die Verbesserung der Gefängnisse und sittliche Besserung der Gefangenen, entlassenen Sträflinge u. s. w. |b gehalten im Frühlinge 1827 zu Berlin |c von Nikolaus Heinrich Julius |
| 246 | 3 | 0 | |a Gefängnis-Kunde Gefängniskunde |
| 250 | |a Erweitert hrsg. | ||
| 264 | 1 | |a Berlin |b Stuhr |c 1828 | |
| 300 | |a CLXVIII, 368 S., 4 Bl. |b Ill. | ||
| 336 | |a Text |b txt |2 rdacontent | ||
| 337 | |a ohne Hilfsmittel zu benutzen |b n |2 rdamedia | ||
| 338 | |a Band |b nc |2 rdacarrier | ||
| 583 | 1 | |a Archivierung/Langzeitarchivierung gewährleistet |f SSG |x XA-DE-BW |2 pdager |5 DE-21 | |
| 650 | 4 | |a Strafvollzug |7 (dpeaa)DE-2619 | |
| 651 | 7 | |0 (DE-588)2033890-9 |0 (DE-627)102489114 |0 (DE-576)191851337 |a Deutscher Bund |2 gnd |7 (dpeaa)DE-2619 | |
| 751 | |a Berlin |0 (DE-588)4005728-8 |0 (DE-627)10482638X |0 (DE-576)208862560 |4 pup | ||
| 935 | |a BGTS |a mkri | ||
| 936 | r | v | |a PH 5250 |b Gefängniswesen, Straf-/Justizvollzugsanstalten allgemeine |k Rechtswissenschaft |k Strafrecht, Strafverfahrensrecht, Kriminologie |k Strafvollzug |k Gefängniswesen, Straf-/Justizvollzugsanstalten allgemeine |0 (DE-627)1271675005 |0 (DE-625)rvk/136194: |0 (DE-576)201675005 |
| 951 | |a BO | ||
| ELC | |b 1 | ||
| LOK | |0 000 xxxxxcx a22 zn 4500 | ||
| LOK | |0 001 2052700153 | ||
| LOK | |0 003 DE-627 | ||
| LOK | |0 004 107672051X | ||
| LOK | |0 005 20020213000000 | ||
| LOK | |0 008 930623||||||||||||||||ger||||||| | ||
| LOK | |0 040 |a DE-21 |c DE-627 |d DE-21 | ||
| LOK | |0 852 |a DE-21 | ||
| LOK | |0 852 1 |c Hi 263 b |9 00 | ||
| LOK | |0 935 |a abe3 | ||
| LOK | |0 939 |a 23-06-93 |b l01 | ||
| LOK | |0 000 xxxxxcx a22 zn 4500 | ||
| LOK | |0 001 2052700161 | ||
| LOK | |0 003 DE-627 | ||
| LOK | |0 004 107672051X | ||
| LOK | |0 005 20020607000000 | ||
| LOK | |0 008 930601||||||||||||||||ger||||||| | ||
| LOK | |0 040 |a DE-21-110 |c DE-627 |d DE-21-110 | ||
| LOK | |0 852 |a DE-21-110 | ||
| LOK | |0 852 1 |c P XV 23 |m p |9 00 | ||
| LOK | |0 935 |a k110 | ||
| LOK | |0 936ln |a 12.2 | ||
| LOK | |0 938 |k p | ||
| LOK | |0 939 |a 01-06-93 |b l01 | ||
| LOK | |0 000 xxxxxcx a22 zn 4500 | ||
| LOK | |0 001 2052700064 | ||
| LOK | |0 003 DE-627 | ||
| LOK | |0 004 107672051X | ||
| LOK | |0 005 19921120000000 | ||
| LOK | |0 008 921120||||||||||||||||ger||||||| | ||
| LOK | |0 040 |a DE-Frei85 |c DE-627 |d DE-Frei85 | ||
| LOK | |0 852 |a DE-Frei85 | ||
| LOK | |0 852 1 |m p |9 00 | ||
| LOK | |0 938 |k p | ||
| LOK | |0 939 |a 20-11-92 |b l01 | ||
| LOK | |0 000 xxxxxcx a22 zn 4500 | ||
| LOK | |0 001 4196255671 | ||
| LOK | |0 003 DE-627 | ||
| LOK | |0 004 107672051X | ||
| LOK | |0 005 20221011150521 | ||
| LOK | |0 008 221011||||||||||||||||ger||||||| | ||
| LOK | |0 035 |a (DE-2619)k00022 | ||
| LOK | |0 040 |a DE-2619 |c DE-627 |d DE-2619 | ||
| LOK | |0 092 |o n | ||
| LOK | |0 541 |e Bestand Albert-Krebs-Bibliothek: 1996-30 | ||
| LOK | |0 852 |a DE-2619 | ||
| LOK | |0 852 1 |c NA.05.001 |m p |9 00 | ||
| LOK | |0 935 |a kreb | ||
| LOK | |0 938 |k p | ||
| LOK | |0 939 |a 11-10-22 |b l01 | ||
| ORI | |a SA-MARC-krimdoka001.raw | ||
| SIG | |a IFK: P XV 23 | ||
| SIG | |a UB: Hi 263 b | ||
